| 000 | 00937nam a2200289 4500 | ||
|---|---|---|---|
| 999 |
_c200440790 _d59002 |
||
| 001 | 184589 | ||
| 003 | TR-AnTOB | ||
| 005 | 20240824073707.0 | ||
| 008 | 711217 1964 | eng u | ||
| 010 | _a66040110 | ||
| 040 |
_cWSU _beng _erda _dKSU _dUtOrBLW _aTR-AnTOB |
||
| 041 | 0 | _aeng | |
| 050 | 0 | 4 |
_aLB41 _b.S78 1964 |
| 090 |
_aLB41 _b.S78 1964 |
||
| 110 | 2 |
_aStudy Group in the Economics of Education _9130791 |
|
| 245 | 1 | 4 | _aThe residual factor and economic growth. |
| 264 | 1 |
_a[Paris] : _bOrganisation for Economic Co-operation and Development, _c[1964] |
|
| 300 |
_a279 pages: _billustrations, picture; _c24 cm. |
||
| 336 |
_atext _btxt _2rdacontent |
||
| 337 |
_aunmediated _bn _2rdamedia |
||
| 338 |
_avolume _bnc _2rdacarrier |
||
| 650 | 0 |
_aEducation _xEconomic aspects _923709 |
|
| 710 | 2 |
_aOrganisation for Economic Co-operation and Development _933753 |
|
| 942 |
_2z _cBK |
||